[Event "Wch Blitz (Women)"]
[Site "Samarkand"]
[Date "2023.12.30"]
[Round "10"]
[White "Druzhinina, Olga"]
[Black "Khamdamova, Afruza"]
[Result "0-1"]
[WhiteElo "2245"]
[BlackElo "2327"]
[PlyCount "168"]
[EventDate "2023.12.29"]
[EventType "swiss (blitz)"]
[EventRounds "17"]
[EventCountry "UZB"]
[SourceTitle "CB01_2024"]
[SourceDate "2024.01.03"]
[SourceVersion "1"]
[SourceVersionDate "2024.01.03"]
[SourceQuality "1"]

1. e4 e5 2. d4 exd4 3. Qxd4 Nc6 4. Qc4 Nf6 5. Nc3 d6 6. Bf4 Be6 7. Qb5 Qc8 8. 0-0-0 a6 9. Qe2 Be7 10. f3 0-0 11. g4 b5 12. g5 Nh5 13. Be3 f6 14. Nd5 fxg5 15. Nxe7+ Nxe7 16. Bxg5 Ng6 17. Kb1 Nhf4 18. Qd2 h6 19. Bxf4 Nxf4 20. Ne2 Nxe2 21. Bxe2 Qe8 22. Rhg1 Kh8 23. Qd4 Qf7 24. a3 Rad8 25. Rg3 Qf6 26. Qxf6 Rxf6 27. Kc1 Rdf8 28. Kd2 Rf4 29. Rdg1 g5 30. Ke3 Kg7 31. R1g2 Kf6 32. b3 Ke5 33. Rg1 Rh4 34. R1g2 c5 35. Bd1 d5 36. exd5 Bxd5 37. Re2 Kd6 38. Rd2 Ke6 39. Be2 Re8 40. c4 bxc4 41. bxc4 Bxc4 42. Bxc4+ Rxc4 43. Rh3 Kf6+ 44. Kf2 Rh4 45. Rxh4 gxh4 46. Rd6+ Re6 47. Rd8 Rc6 48. Ke3 c4 49. Kd2 Ke5 50. Rf8 c3+ 51. Kc2 Kd4 52. Rf4+ Ke3 53. Rxh4 Kxf3 54. Rh5 Kg4 55. Rd5 h5 56. Rd3 h4 57. h3+ Kf4 58. Rd4+ Kg3 59. Rd3+ Kg2 60. a4 a5 61. Re3 Rc4 62. Rd3 Rxa4 63. Rxc3 Rf4 64. Ra3 a4 65. Kd2 Rf3 66. Rxa4 Kxh3 67. Ke2 Rf6 68. Rb4 Kg3 69. Rb8 h3 70. Rg8+ Kh2 71. Rg7 Kh1 72. Rg8 h2 73. Rg7 Ra6 74. Rg8 Ra1 75. Kf2 Rg1 76. Rh8 Rg2+ 77. Kf1 Rg6 78. Rh7 Rf6+ 79. Ke2 Rf4 80. Ke3 Rf5 81. Ke2 Kg2 82. Rg7+ Kh3 83. Rh7+ Kg3 84. Rg7+ Kh4 0-1

[Event "Titled Tuesday intern op 16th May Late"]
[Site "Chess.com INT"]
[Date "2023.05.16"]
[Round "2"]
[White "Jimenez Almeida, Luis David"]
[Black "Druzhinina, Olga"]
[Result "1-0"]
[WhiteElo "2242"]
[BlackElo "2245"]
[PlyCount "77"]
[EventDate "2023.05.16"]
[EventType "swiss (blitz)"]
[EventRounds "11"]
[EventCountry "USA"]
[SourceTitle "CBM 214 Extra"]
[Source "ChessBase"]
[SourceDate "2023.07.31"]
[SourceVersion "1"]
[SourceVersionDate "2023.07.31"]
[SourceQuality "1"]

1. e4 c5 2. Nc3 d6 3. Nge2 g6 4. g3 Bg7 5. Bg2 Nc6 6. 0-0 e6 7. h3 Nge7 8. d3 0-0 9. Be3 Nd4 10. Qd2 Re8 11. a4 Rb8 12. Nd1 b5 13. axb5 Rxb5 14. Rxa7 Qb6 15. Ra1 Bb7 16. Ndc3 Rb4 17. Ra2 Bc6 18. b3 d5 19. exd5 exd5 20. Bh6 Bxh6 21. Qxh6 Nef5 22. Qd2 Qd8 23. Raa1 Rb7 24. Nf4 Rbe7 25. Rfe1 Rxe1+ 26. Rxe1 Rxe1+ 27. Qxe1 Nxc2 28. Qe5 Ncd4 29. Ncxd5 Bxd5 30. Nxd5 h5 31. Nf6+ Kf8 32. h4 Qd6 33. Qe8+ Kg7 34. Ne4 Qe6 35. Qd8 Qxb3 36. Qf6+ Kg8 37. Ng5 Qd1+ 38. Kh2 Ne2 39. Qxf7+ 1-0

[Event "Titled Tuesday intern op 11th Apr Late"]
[Site "Chess.com INT"]
[Date "2023.04.11"]
[Round "11"]
[White "Druzhinina, Olga"]
[Black "Figorito, Nick"]
[Result "0-1"]
[WhiteElo "2245"]
[BlackElo "2036"]
[PlyCount "74"]
[EventDate "2023.04.11"]
[EventType "swiss (blitz)"]
[EventRounds "11"]
[EventCountry "USA"]
[SourceTitle "CBM 213 Extra"]
[Source "ChessBase"]
[SourceDate "2023.05.31"]
[SourceVersion "1"]
[SourceVersionDate "2023.05.31"]
[SourceQuality "1"]

1. e4 e6 2. d4 d5 3. Nd2 Nf6 4. e5 Nfd7 5. Bd3 c5 6. c3 Nc6 7. Ne2 cxd4 8. cxd4 f6 9. exf6 Nxf6 10. Nf3 Bd6 11. 0-0 Qc7 12. Bg5 0-0 13. Rc1 Bd7 14. Re1 Rae8 15. Bb1 Qb6 16. Qc2 Ne4 17. Be3 Nb4 18. Qb3 Qa6 19. Nc3 Nxc3 20. bxc3 Nc6 21. Qc2 g6 22. Bh6 Rxf3 23. gxf3 Qb6 24. h4 Qc7 25. h5 Ne7 26. Kh1 Nf5 27. Rg1 Nxh6 28. hxg6 Nf5 29. gxh7+ Kh8 30. Rg4 Bb5 31. Rcg1 Qxh7+ 32. Kg2 Rg8 33. Rh1 Nh4+ 34. Rhxh4 Qxh4 35. Rxg8+ Kxg8 36. Qg6+ Kf8 37. Qxe6 Qg5+ 0-1

[Event "Titled Tuesday intern op 11th Apr Late"]
[Site "Chess.com INT"]
[Date "2023.04.11"]
[Round "2"]
[White "Druzhinina, Olga"]
[Black "Petre, Nad Titus"]
[Result "0-1"]
[WhiteElo "2245"]
[BlackElo "2313"]
[PlyCount "74"]
[EventDate "2023.04.11"]
[EventType "swiss (blitz)"]
[EventRounds "11"]
[EventCountry "USA"]
[SourceTitle "CBM 213 Extra"]
[Source "ChessBase"]
[SourceDate "2023.05.31"]
[SourceVersion "1"]
[SourceVersionDate "2023.05.31"]
[SourceQuality "1"]

1. e4 e5 2. Nf3 Nc6 3. d4 exd4 4. Nxd4 Bc5 5. Nb3 Bb6 6. Nc3 Nf6 7. Qe2 a5 8. Be3 a4 9. Bxb6 axb3 10. Be3 bxc2 11. Qxc2 0-0 12. Bc4 Ne5 13. Bb3 d5 14. exd5 Nfg4 15. 0-0-0 Nxe3 16. fxe3 Qg5 17. Rde1 Bf5 18. Qd2 Nd3+ 19. Kd1 Nxe1 20. Rxe1 c6 21. e4 Qh5+ 22. Kc1 Bg6 23. d6 Rad8 24. g3 Qe5 25. Rd1 Rd7 26. Qf4 Re8 27. Bc2 Re6 28. h4 Qxf4+ 29. gxf4 Rexd6 30. e5 Rxd1+ 31. Bxd1 Rd4 32. h5 Bf5 33. Ne2 Rc4+ 34. Kd2 Bg4 35. Bb3 Bxe2 36. Kxe2 Rxf4 37. Ke3 Rh4 0-1

[Event "Titled Tuesday intern op 04th Apr Late"]
[Site "Chess.com INT"]
[Date "2023.04.04"]
[Round "3"]
[White "Bruedigam, Martin"]
[Black "Druzhinina, Olga"]
[Result "1-0"]
[WhiteElo "2378"]
[BlackElo "2245"]
[PlyCount "79"]
[EventDate "2023.04.04"]
[EventType "swiss (blitz)"]
[EventRounds "11"]
[EventCountry "USA"]
[SourceTitle "EXT 2024"]
[Source "ChessBase"]
[SourceDate "2023.10.10"]
[SourceVersion "1"]
[SourceVersionDate "2023.10.10"]
[SourceQuality "1"]

1. d4 Nf6 2. c4 g6 3. f3 d5 4. cxd5 Nxd5 5. e4 Nb6 6. Nc3 Bg7 7. Be3 0-0 8. Qd2 c5 9. dxc5 Qxd2+ 10. Kxd2 N6d7 11. Nh3 Nc6 12. Nf4 e6 13. Bb5 Nd4 14. Nd3 Rd8 15. Bxd7 Bxd7 16. Rad1 Rac8 17. Kc1 b6 18. e5 bxc5 19. f4 Bb5 20. Nxc5 Rxc5 21. Rxd4 Rxd4 22. Bxd4 Rc4 23. Rd1 Bf8 24. g3 a5 25. h4 a4 26. Kc2 Bb4 27. a3 Ba5 28. Be3 Bc6 29. Rd6 Kg7 30. Bd2 Be4+ 31. Kd1 Bf3+ 32. Ke1 Bc7 33. Rd3 Bg4 34. Be3 Ba5 35. Kd2 Bf5 36. Rd7 Bxc3+ 37. bxc3 Rc6 38. Rb7 Rc8 39. Bd4 Rd8 40. Rb4 1-0

[Event "Titled Tuesday intern op 04th Apr Late"]
[Site "Chess.com INT"]
[Date "2023.04.04"]
[Round "2"]
[White "Senthilkumar, Pranav"]
[Black "Druzhinina, Olga"]
[Result "0-1"]
[WhiteElo "1854"]
[BlackElo "2245"]
[PlyCount "44"]
[EventDate "2023.04.04"]
[EventType "swiss (blitz)"]
[EventRounds "11"]
[EventCountry "USA"]
[SourceTitle "EXT 2024"]
[Source "ChessBase"]
[SourceDate "2023.10.10"]
[SourceVersion "1"]
[SourceVersionDate "2023.10.10"]
[SourceQuality "1"]

1. Nf3 Nf6 2. b3 g6 3. Bb2 d5 4. g3 Bg7 5. Bg2 0-0 6. 0-0 c5 7. e3 Nc6 8. d4 b6 9. dxc5 bxc5 10. c4 e6 11. cxd5 exd5 12. Nc3 Ba6 13. Re1 Re8 14. Qd2 Qd7 15. Rad1 Rad8 16. Na4 Qe7 17. Qc1 Ne4 18. Bxg7 Kxg7 19. Nd2 Nb4 20. Qc3+ Nxc3 21. Nxc3 d4 22. Nce4 Nc2 0-1

[Event "Titled Tuesday intern op 28th Mar Late"]
[Site "Chess.com INT"]
[Date "2023.03.28"]
[Round "1"]
[White "Volkov, Maksim"]
[Black "Druzhinina, Olga"]
[Result "1/2-1/2"]
[WhiteElo "2325"]
[BlackElo "2245"]
[PlyCount "153"]
[EventDate "2023.03.28"]
[EventType "swiss (blitz)"]
[EventRounds "11"]
[EventCountry "USA"]
[SourceTitle "EXT 2024"]
[Source "ChessBase"]
[SourceDate "2023.10.10"]
[SourceVersion "1"]
[SourceVersionDate "2023.10.10"]
[SourceQuality "1"]

1. e4 c5 2. Nf3 d6 3. d4 cxd4 4. Nxd4 Nf6 5. Nc3 a6 6. Be2 e5 7. Nb3 Be7 8. 0-0 0-0 9. Be3 Be6 10. Qd3 Nbd7 11. Nd5 Bxd5 12. exd5 b5 13. a4 Nb6 14. axb5 axb5 15. Bxb6 Qxb6 16. Qxb5 Qxb5 17. Bxb5 Rxa1 18. Rxa1 Nxd5 19. Ra7 Bg5 20. Na5 Bc1 21. b3 Nc3 22. Bc6 d5 23. Rd7 d4 24. Nc4 f6 25. b4 Rb8 26. Bb7 h5 27. Nd6 Ba3 28. Nc8 Bxb4 29. Na7 Bc5 30. Nc6 Rf8 31. g3 Rf7 32. Rd8+ Kh7 33. Ba6 Rc7 34. Nb8 Ra7 35. f3 d3+ 36. Kg2 Rxa6 37. Rxd3 Ra3 38. Nd7 Bd4 39. Nf8+ Kg8 40. Ne6 Ra2 41. Nxd4 exd4 42. Rxd4 Rxc2+ 43. Kh3 Kh7 44. Rc4 Rc1 45. Kh4 Kh6 46. g4 hxg4 47. fxg4 g5+ 48. Kh3 Ne2 49. Re4 Nf4+ 50. Kg3 Rc3+ 51. Kf2 Rc2+ 52. Kg3 Rg2+ 53. Kf3 Rxh2 54. Kg3 Rg2+ 55. Kf3 Rd2 56. Ra4 Kg6 57. Ra6 Rd3+ 58. Kf2 Rh3 59. Ra5 Rh4 60. Kf3 Ne6 61. Kg3 Rh1 62. Ra6 Nd4 63. Ra4 Ne6 64. Ra6 Nf4 65. Ra5 Rg1+ 66. Kf3 Rf1+ 67. Kg3 Ne6 68. Ra6 Nd4 69. Ra5 Rd1 70. Kf2 Rd3 71. Rd5 Rd2+ 72. Kf1 Nb3 73. Rb5 Rd3 74. Kf2 Nd4 75. Rd5 Rd2+ 76. Kf1 Rd3 77. Kf2 1/2-1/2

[Event "Titled Tuesday intern op 21st Mar Late"]
[Site "Chess.com INT"]
[Date "2023.03.21"]
[Round "1"]
[White "Druzhinina, Olga"]
[Black "Thomforde Toates, Noah"]
[Result "0-1"]
[WhiteElo "2245"]
[BlackElo "2124"]
[PlyCount "86"]
[EventDate "2023.03.21"]
[EventType "swiss (blitz)"]
[EventRounds "11"]
[EventCountry "USA"]
[SourceTitle "EXT 2024"]
[Source "ChessBase"]
[SourceDate "2023.10.10"]
[SourceVersion "1"]
[SourceVersionDate "2023.10.10"]
[SourceQuality "1"]

1. e4 c5 2. Nf3 g6 3. g3 Bg7 4. Bg2 Nc6 5. 0-0 d6 6. h3 Nf6 7. Re1 0-0 8. c3 Bd7 9. d4 cxd4 10. cxd4 d5 11. e5 Ne4 12. Nbd2 Qc8 13. Nxe4 dxe4 14. Ng5 h6 15. Nxe4 Bxh3 16. Be3 Rd8 17. f4 Bxg2 18. Kxg2 Qe6 19. Nc3 Nb4 20. a3 Nd5 21. Bf2 Rac8 22. Qf3 Nxc3 23. bxc3 b6 24. Rec1 Qc4 25. Be1 e6 26. g4 Qc6 27. Qxc6 Rxc6 28. Kf3 Rdc8 29. Ke4 Rc4 30. Kd3 Bf8 31. a4 Be7 32. Rc2 Kg7 33. Bd2 a6 34. Rcc1 Bd8 35. Rh1 Be7 36. f5 exf5 37. gxf5 Kg8 38. f6 Bf8 39. Rac1 h5 40. Rhg1 Kh7 41. Be3 Rxa4 42. d5 b5 43. e6 Rd8 0-1

[Event "Titled Tuesday intern op 21st Mar Late"]
[Site "Chess.com INT"]
[Date "2023.03.21"]
[Round "8"]
[White "Druzhinina, Olga"]
[Black "Visakh, Narayanan Rajeswari"]
[Result "1-0"]
[WhiteElo "2245"]
[BlackElo "2538"]
[PlyCount "71"]
[EventDate "2023.03.21"]
[EventType "swiss (blitz)"]
[EventRounds "11"]
[EventCountry "USA"]
[SourceTitle "EXT 2024"]
[Source "ChessBase"]
[SourceDate "2023.10.10"]
[SourceVersion "1"]
[SourceVersionDate "2023.10.10"]
[SourceQuality "1"]

1. e4 c5 2. Nf3 Nc6 3. Bb5 g6 4. 0-0 Bg7 5. c3 Nf6 6. Re1 0-0 7. e5 Nd5 8. d4 cxd4 9. cxd4 d6 10. Bxc6 bxc6 11. Nc3 Nxc3 12. bxc3 d5 13. Ba3 Re8 14. Qa4 Bd7 15. Bc5 Qc8 16. Nd2 f6 17. Nf3 Bg4 18. exf6 exf6 19. Rxe8+ Qxe8 20. Re1 Qc8 21. Nd2 Be6 22. Nb3 Qd7 23. Qa5 a6 24. Qb6 Bh6 25. Na5 Rc8 26. Rb1 Bf7 27. Qxa6 Bd2 28. Rb7 Qf5 29. Qe2 Re8 30. Qxd2 g5 31. Nxc6 Kg7 32. h3 g4 33. hxg4 Qxg4 34. a4 Re2 35. Qd1 Kg8 36. Re7 1-0

[Event "Titled Tuesday intern op 7th Mar Late"]
[Site "Chess.com INT"]
[Date "2023.03.07"]
[Round "10"]
[White "Druzhinina, Olga"]
[Black "Aalto, Patrik"]
[Result "0-1"]
[WhiteElo "2245"]
[BlackElo "2239"]
[PlyCount "130"]
[EventDate "2023.03.07"]
[EventType "swiss (blitz)"]
[EventRounds "11"]
[EventCountry "USA"]
[SourceTitle "EXT 2024"]
[Source "ChessBase"]
[SourceDate "2023.10.10"]
[SourceVersion "1"]
[SourceVersionDate "2023.10.10"]
[SourceQuality "1"]

1. e4 Nf6 2. e5 Nd5 3. d4 d6 4. Nf3 g6 5. Be2 Bg7 6. 0-0 0-0 7. exd6 cxd6 8. c4 Nb6 9. Nc3 Nc6 10. b3 Bg4 11. Be3 e5 12. dxe5 dxe5 13. Bxb6 Qxb6 14. Nd5 Qd8 15. Rc1 e4 16. Nd2 Bxe2 17. Qxe2 Re8 18. Rfd1 Nd4 19. Qe3 Nf5 20. Qh3 Rc8 21. Nf1 Qg5 22. Nfe3 Nxe3 23. Nxe3 Rcd8 24. Nd5 Qe5 25. Qg3 f5 26. Qe3 b6 27. h3 Kh8 28. Nb4 Qc7 29. Nd5 Qb7 30. Qg5 Qf7 31. Nb4 Rxd1+ 32. Rxd1 Bf6 33. Qf4 Be5 34. Qe3 Qe6 35. Nd5 Rd8 36. Re1 Rd7 37. Qg5 Bg7 38. Qf4 h6 39. Qb8+ Kh7 40. Qc8 Rd6 41. Qc7 Qd7 42. Qxd7 Rxd7 43. Rc1 Kg8 44. Kf1 Kf7 45. Ke2 Ke6 46. Nf4+ Kf7 47. Rd1 Rxd1 48. Kxd1 g5 49. Nd5 Ke6 50. Kc2 Kd6 51. a4 f4 52. Nc3 e3 53. fxe3 fxe3 54. Ne2 Ke5 55. Kd3 Kd6 56. Kxe3 Kc5 57. Kd3 Kb4 58. Kc2 Be5 59. Nc1 Bf6 60. Nd3+ Ka5 61. c5 bxc5 62. Nxc5 Kb4 63. Nd7 Be7 64. Ne5 Kc5 65. Nd3+ Kd4 0-1

[Event "Titled Tuesday intern op 28th Feb Late"]
[Site "Chess.com INT"]
[Date "2023.02.28"]
[Round "3"]
[White "Druzhinina, Olga"]
[Black "Sztokbant, Bernardo Vainzoff"]
[Result "0-1"]
[WhiteElo "2245"]
[BlackElo "2213"]
[PlyCount "90"]
[EventDate "2023.02.28"]
[EventType "swiss (blitz)"]
[EventRounds "11"]
[EventCountry "USA"]
[SourceTitle "CBM 213 Extra"]
[Source "ChessBase"]
[SourceDate "2023.05.31"]
[SourceVersion "1"]
[SourceVersionDate "2023.05.31"]
[SourceQuality "1"]

1. e4 c5 2. Nf3 e6 3. c3 d5 4. exd5 Qxd5 5. d4 Nc6 6. Na3 Nf6 7. Bc4 Qe4+ 8. Be3 cxd4 9. cxd4 Bb4+ 10. Kf1 0-0 11. Bd3 Qd5 12. Nc2 Be7 13. h3 Rd8 14. Be2 b6 15. Nd2 Bb7 16. Bf3 Qb5+ 17. Kg1 Nd5 18. Nb3 Rac8 19. Qd2 Ncb4 20. Nxb4 Bxb4 21. Qd1 Be7 22. Kh2 a5 23. Rb1 a4 24. Nd2 Nxe3 25. fxe3 Bxf3 26. Nxf3 Bd6+ 27. Kg1 Bg3 28. h4 Bb8 29. h5 e5 30. h6 g6 31. Kf2 e4 32. Nd2 Qf5+ 33. Kg1 Bg3 34. Qf1 Qg5 35. Qe2 Rc2 36. Nxe4 Rxe2 37. Nxg5 Rc8 38. Rh3 Bf2+ 39. Kf1 Rcc2 40. Rf3 Bxe3 41. Ne4 Bxd4 42. Rd1 Rxe4 43. Rfd3 Rf2+ 44. Kg1 Rd2+ 45. Rxd4 Rexd4 0-1

[Event "Titled Tuesday intern op 28th Feb Late"]
[Site "Chess.com INT"]
[Date "2023.02.28"]
[Round "1"]
[White "Pert, Richard G"]
[Black "Druzhinina, Olga"]
[Result "0-1"]
[WhiteElo "2411"]
[BlackElo "2245"]
[PlyCount "78"]
[EventDate "2023.02.28"]
[EventType "swiss (blitz)"]
[EventRounds "11"]
[EventCountry "USA"]
[SourceTitle "CBM 213 Extra"]
[Source "ChessBase"]
[SourceDate "2023.05.31"]
[SourceVersion "1"]
[SourceVersionDate "2023.05.31"]
[SourceQuality "1"]

1. d4 Nf6 2. Bg5 g6 3. Nf3 Bg7 4. Nbd2 d5 5. e3 c5 6. c3 Nc6 7. Bd3 b6 8. Qe2 Bb7 9. h4 h6 10. Bf4 a5 11. Ne5 Nxe5 12. Bxe5 h5 13. Bb5+ Kf8 14. Nf3 Ng4 15. Bg3 Bf6 16. Ng5 Kg7 17. f3 Nh6 18. 0-0-0 a4 19. a3 c4 20. Qc2 Ra5 21. Bxa4 b5 22. Bxb5 Rxb5 23. e4 dxe4 24. fxe4 Ng4 25. Rhe1 Qb6 26. Nf3 e6 27. e5 Be7 28. Bf4 Ra8 29. Bg5 Bxa3 30. Bf6+ Kg8 31. bxa3 Rxa3 32. Kd2 Rb2 33. Rb1 Rxc2+ 34. Kxc2 Ra2+ 35. Kc1 Qa5 36. Kd1 Qxc3 37. Re2 Qd3+ 38. Kc1 Qxe2 39. Rxb7 Qc2# 0-1

[Event "Wch Blitz (Women)"]
[Site "Almaty"]
[Date "2022.12.30"]
[Round "15"]
[White "Druzhinina, Olga"]
[Black "Danielian, Elina"]
[Result "0-1"]
[WhiteElo "2014"]
[BlackElo "2331"]
[PlyCount "84"]
[EventDate "2022.12.29"]
[EventType "swiss (blitz)"]
[EventRounds "17"]
[EventCountry "KAZ"]
[SourceTitle "CBM 211 Extra"]
[Source "ChessBase"]
[SourceDate "2023.01.31"]
[SourceVersion "1"]
[SourceVersionDate "2023.01.31"]
[SourceQuality "1"]

1. e4 d6 2. d4 Nf6 3. Nc3 c6 4. Nf3 Bg4 5. h3 Bh5 6. Be2 e6 7. Be3 d5 8. Nd2 Bg6 9. e5 Nfd7 10. Nb3 a6 11. a4 Qc7 12. h4 h6 13. 0-0 c5 14. f4 cxd4 15. Nxd4 Bc5 16. Qd2 Nc6 17. f5 exf5 18. e6 Nf6 19. exf7+ Kxf7 20. Nxf5 Bxe3+ 21. Qxe3 Bxf5 22. Rxf5 Rhe8 23. Qf2 Kg8 24. Nxd5 Nxd5 25. Rxd5 Ne5 26. c3 Rad8 27. Rad1 Rxd5 28. Rxd5 Qc6 29. Qd4 Qf6 30. Rd6 Qe7 31. Qd5+ Kh8 32. h5 Qg5 33. Qd2 Qe7 34. b3 Nc6 35. Bf3 Ne5 36. Be2 Nc6 37. Bf3 Ne5 38. Be4 Qh4 39. Rxh6+ gxh6 40. Qxh6+ Kg8 41. Bd5+ Nf7 42. Qg6+ Kh8 0-1

[Event "Wch Blitz (Women)"]
[Site "Almaty"]
[Date "2022.12.30"]
[Round "11"]
[White "Injac, Teodora"]
[Black "Druzhinina, Olga"]
[Result "0-1"]
[WhiteElo "2316"]
[BlackElo "2014"]
[PlyCount "119"]
[EventDate "2022.12.29"]
[EventType "swiss (blitz)"]
[EventRounds "17"]
[EventCountry "KAZ"]
[SourceTitle "CBM 211 Extra"]
[Source "ChessBase"]
[SourceDate "2023.01.31"]
[SourceVersion "1"]
[SourceVersionDate "2023.01.31"]
[SourceQuality "1"]

1. Nf3 Nf6 2. c4 c6 3. d4 d5 4. Nbd2 g6 5. e3 Bg7 6. Be2 0-0 7. 0-0 a5 8. b3 Nbd7 9. Bb2 Re8 10. Qc2 dxc4 11. Nxc4 Nb6 12. Rfd1 Bf5 13. Bd3 Bxd3 14. Rxd3 Nbd5 15. a3 Ne4 16. Rdd1 Nd6 17. e4 Nb6 18. Ne3 a4 19. b4 Qd7 20. h3 Qe6 21. Ng5 Qb3 22. Qxb3 axb3 23. e5 Ndc4 24. Rdb1 Nxe3 25. fxe3 Nc4 26. Bc1 b2 27. Bxb2 Nxe3 28. Bc1 Nd5 29. Bd2 Bh6 30. h4 f6 31. Nf3 Bxd2 32. Nxd2 fxe5 33. dxe5 Rf8 34. Nf3 Rf4 35. Re1 Rc4 36. Re2 Rxb4 37. e6 Rb3 38. a4 Rb4 39. a5 Rb5 40. Rea2 Kg7 41. Kh2 Rb4 42. a6 bxa6 43. Rxa6 Rxa6 44. Rxa6 c5 45. Rc6 c4 46. Ne5 c3 47. Nf3 Rb2 48. Rc5 Ne3 49. Rxc3 Nxg2 50. Kg3 Kf6 51. Ng5 h6 52. Ne4+ Kxe6 53. Nf2 Nxh4 54. Re3+ Kf7 55. Rc3 Ke6 56. Re3+ Kf6 57. Rc3 Nf5+ 58. Kf3 h5 59. Nh3 Kf7 60. Rc6 0-1